The business mind of Clever Mposha : the group MD who built SAVENDA GROUP OF COMPANIES into an African conglomerate (Record no. 79039)
[ view plain ]
| 000 -LEADER | |
|---|---|
| fixed length control field | 01049nam a2200217 a 4500 |
| 008 - FIXED-LENGTH DATA ELEMENTS--GENERAL INFORMATION | |
| fixed length control field | 210929s2021 ||||||||||||||||| || u |
| 020 ## - INTERNATIONAL STANDARD BOOK NUMBER | |
| International Standard Book Number | 9798503056013 |
| 050 ## - LIBRARY OF CONGRESS CALL NUMBER | |
| Classification number | ZAM HD 9999 Mpo |
| 100 ## - MAIN ENTRY--PERSONAL NAME | |
| Personal name | Mpoha, Clever |
| 245 14 - TITLE STATEMENT | |
| Title | The business mind of Clever Mposha : the group MD who built SAVENDA GROUP OF COMPANIES into an African conglomerate |
| Statement of responsibility, etc. | by Clever Mpoha |
| 260 ## - PUBLICATION, DISTRIBUTION, ETC. | |
| Place of publication, distribution, etc. | Lusaka |
| Name of publisher, distributor, etc. | Savenda Group |
| Date of publication, distribution, etc. | 2021 |
| 300 ## - PHYSICAL DESCRIPTION | |
| Extent | 181 pages |
| 650 ## - SUBJECT ADDED ENTRY--TOPICAL TERM | |
| Topical term or geographic name entry element | SAVENDA GROUP OF COMPANIES |
| 650 #0 - SUBJECT ADDED ENTRY--TOPICAL TERM | |
| Topical term or geographic name entry element | ENTREPRENEURSHIP |
| 650 ## - SUBJECT ADDED ENTRY--TOPICAL TERM | |
| Topical term or geographic name entry element | BUSINESSMEN--ZAMBIA--AUTOBIOGRAPHY |
| 650 ## - SUBJECT ADDED ENTRY--TOPICAL TERM | |
| Topical term or geographic name entry element | ZAMBIA |
| 650 ## - SUBJECT ADDED ENTRY--TOPICAL TERM | |
| Topical term or geographic name entry element | MPOSHA, CLEVER |
| 995 ## - | |
| -- | SPECIAL COLLECTIONS |
| -- | 751139 |
| -- | CBU-MAIN LIBRARY (Kitwe) |
| -- | ZAM HD 9999 Mpo |
| -- | 2 |
| -- | AVAILABLE |
| -- | Sep 29, 2021 |
| -- | 751139 |
| -- | Zambiana Collection |
| 995 ## - | |
| -- | SPECIAL COLLECTIONS |
| -- | 751138 |
| -- | CBU-MAIN LIBRARY (Kitwe) |
| -- | ZAM HD 9999 Mpo |
| -- | 1 |
| -- | AVAILABLE |
| -- | Sep 29, 2021 |
| -- | 751138 |
| -- | Zambiana Collection |
| 995 ## - | |
| -- | MAIN LIBRARY OPEN ACCESS |
| -- | 751140 |
| -- | CBU-MAIN LIBRARY (Kitwe) |
| -- | HD 9999 Mpo |
| -- | 3 |
| -- | AVAILABLE |
| -- | Sep 29, 2021 |
| -- | 751140 |
| -- | Main Library Open Access Collection |
| 999 ## - | |
| -- | 79039 |
| -- | 79039 |
No items available.